000 00500 a2200169 4500
999 _c6562
_d6562
020 _a9780077361358
050 _aQP34.5 SAL 2010
100 _aSaladin, Kenneth S.
_eauthor
245 _aAnatomy & physiology :
_bthe unity of form and function /
250 _a5th ed.
264 _aBoston :
_bMcGraw-Hill Higher Education,
_c2010.
300 _a1152p. :
_bill. (col.)
500 _aIncludes index
650 _aHuman physiology
650 _aHuman anatomy
942 _2lcc
_cBK
_e5th ed.
_h34.5
_iSAL
_kQP